01009nam a2200253 a 4500001001000000003000500010005001700015008004100032010001100073011001100084040000900095100003300104245017500137260004100312500006000353502006900413650003300482650002700515650005700542650003800599650003200637856001600669856007000685000109037CHAP20220329144035.0140331s2013 mx sm |||||||spa d a105499 a106471 cCHAP1 aCaballero Vargas, Verónica10aRestauración del bordo del canal del bordo, en el área natural protegida ejidos de Xochimilco y San Gregorio Atlapulcoh[En línea]cpor Verónica Caballero Vargas. aChapingo, Méx. :bEl autor,c2013. aPara ver el contenido del material haga clic en la liga aTesis (Ing. Agr. Esp. en Suelos) -- UACH. Departamento de Suelos14aAgriculturaxMéxico (D.F.)14aCultivosxRendimiento.14aRecursos naturalesxConservaciónxXochimilco, D.F.14aRecursos naturalesxProtección.14aRestauración ecológica. a1 n0001093 aFinding aiduhttp://10.13.5.2/tesis/sist109037.pdfzTeclea aquí